000
00256nam a2200109Ia 4500
008
240625s9999 xx 000 0 und d
041
_a
eng
082
_a
005.758 MIC
100
_a
MICROSOFT
245
_a
MICROSOFT OFFICE PROJECT SERVER 2003
260
_c
2003
999
_c
34883
_d
34883